| 000 | 00839cac a22002655a 4500 | ||
|---|---|---|---|
| 005 | 20201128013327.0 | ||
| 008 | 160522t2005 enka frb 001 0 eng d | ||
| 020 | _a0470011750 (Cloth : alk. paper) | ||
| 020 | _a9780470011751 | ||
| 040 |
_aEG-ScBUE _beng _cEG-ScBUE _dEG-ScBUE |
||
| 082 | 0 | 4 |
_222 _a332.632044 _bCOL |
| 100 | 1 |
_aColin, Andrew. _940052 |
|
| 245 | 1 | 0 |
_aFixed income attribution / _cAndrew Colin. |
| 260 |
_aWest Sussex : _bJohn Wiley & Sons, _cc.2005. |
||
| 300 |
_axiv, 143 p. : _bill. ; _c25 cm. |
||
| 490 | 0 | _aWiley finance. | |
| 500 | _aIndex : p. [141]-143. | ||
| 504 | _aBibliography : p. [139]-140. | ||
| 650 | 7 |
_aFixed-income securities. _2BUEsh _940053 |
|
| 650 | 7 |
_aPortfolio management. _2BUEsh _92032 |
|
| 650 | 7 |
_aRate of return. _2BUEsh _91290 |
|
| 651 | _2BUEsh | ||
| 653 |
_bBUSADM _cMay2016 |
||
| 942 | _2ddc | ||
| 999 |
_c6401 _d6401 |
||